| 000 | 00493nam a22001457a 4500 | ||
|---|---|---|---|
| 082 |
_a604.2 _bSHA _cL-12,P-16 |
||
| 100 |
_aSharma, B. Dash _940170 |
||
| 245 |
_aEngineering drawing for intermediate engineering students _cB. Dash Sharma |
||
| 260 |
_aDelhi _bAmarjit Singh Nalwa at Sagar Perss Kashmere Gate Delhi _c1953 |
||
| 300 |
_a140p.: _bill.; _c12 cm. |
||
| 526 |
_a0 _b0 _c0 _d604_200000000000000_SHA |
||
| 526 |
_a0 _b0 _c0 _d604_200000000000000_SHA |
||
| 650 |
_aMCE _9379 |
||
| 942 |
_2ddc _cBK |
||
| 999 |
_c544526 _d544526 |
||